Термический анализ образцов геля гидроксида алюминия; Химия и химическая технология в XXI веке; Т. 1

Dades bibliogràfiques
Parent link:Химия и химическая технология в XXI веке: материалы XII Всероссийской научно-практической конференции студентов и молодых ученых с международным участием, Томск, 11-13 мая 2011 г./ Национальный исследовательский Томский политехнический университет (ТПУ), Институт природных ресурсов (ИПР).— , 2011
Т. 1.— 2011.— [С. 86-88]
Autor principal: Попова А. Б.
Altres autors: Швалев Ю. Б. Юрий Борисович (научный руководитель)
Sumari:Заглавие с титульного листа
Электронная версия печатной публикации
Idioma:rus
Publicat: 2011
Col·lecció:Секция 1. Химия и химическая технология неорганических веществ и материалов
Matèries:
Accés en línia:http://www.lib.tpu.ru/fulltext/v/Conferences/2011/C5/C5a45.pdf
Format: MixedMaterials Electrònic Capítol de llibre
KOHA link:https://koha.lib.tpu.ru/cgi-bin/koha/opac-detail.pl?biblionumber=208430

MARC

LEADER 00000naa2a2200000 4500
001 208430
005 20260218162545.0
035 |a (RuTPU)RU\TPU\book\227574 
035 |a RU\TPU\book\227573 
090 |a 208430 
100 |a 20120203d2011 k y0rusy50 ca 
101 0 |a rus 
102 |a RU 
135 |a drnn ---uucaa 
181 0 |a i  
182 0 |a b 
200 1 |a Термический анализ образцов геля гидроксида алюминия  |f А. Б. Попова  |g науч. рук. Ю. Б. Швалев 
203 |a Текст  |c электронный 
215 |a 1 файл (454 Кб) 
225 1 |a Секция 1. Химия и химическая технология неорганических веществ и материалов 
300 |a Заглавие с титульного листа 
300 |a Электронная версия печатной публикации 
320 |a [Библиогр.: с. 88 (3 назв.)] 
337 |a Adobe Reader 
461 1 |0 (RuTPU)RU\TPU\book\218704  |t Химия и химическая технология в XXI веке  |o материалы XII Всероссийской научно-практической конференции студентов и молодых ученых с международным участием, Томск, 11-13 мая 2011 г.  |o в 2 т.  |f Национальный исследовательский Томский политехнический университет (ТПУ), Институт природных ресурсов (ИПР)  |d 2011 
463 1 |0 (RuTPU)RU\TPU\book\218882  |t Т. 1  |v [С. 86-88]  |d 2011 
610 1 |a гидроксид алюминия 
610 1 |a алюминий 
610 1 |a гели 
610 1 |a образцы 
610 1 |a термический анализ 
610 1 |a сравнительные исследования 
610 1 |a труды учёных ТПУ 
610 1 |a электронный ресурс 
700 1 |a Попова  |b А. Б. 
702 1 |a Швалев  |b Ю. Б.  |c химик-технолог  |c доцент Томского политехнического университета  |g Юрий Борисович  |3 (RuTPU)RU\TPU\pers\28372  |4 727 
801 1 |a RU  |b 63413507  |c 20120118 
801 2 |a RU  |b 63413507  |c 20130218  |g RCR 
856 4 |u http://www.lib.tpu.ru/fulltext/v/Conferences/2011/C5/C5a45.pdf 
942 |c CF